Virginia True or False? - Statistics

General Stats
  • This quiz has been taken 6,984 times
  • The average score is 12 of 15
Answer Stats
Question Answer % Correct
Tobacco was once the state's most important export True
92%
Virginia's land area was once much larger than today True
90%
Pocahantas lived in what is today Virginia True
88%
Richmond, Virginia was the capital of the Confederate States True
87%
More Presidents were born in Virginia than in any other state True
84%
Virginia is one of the 10 poorest states by median household income False
83%
Norfolk is located in the Hampton Roads region True
77%
Virginia is home to Duke University False
76%
There is an element of the periodic table named for Virginia False
76%
The Pentagon is located in Virginia True
76%
Catholics in the state outnumber Protestants more than 2 to 1 False
73%
Virginia is named for Queen Elizabeth I True
73%
Virginia borders Delaware False
71%
The Green Mountains and White Mountains run through the state False
67%
The U.S. Naval Academy is located in Virginia False
56%
No matching quizzes found
Score Distribution
Percent of People with Each Score
Percentile by Number Answered
Your Score History
You have not taken this quiz